000 00643nam a22002297a 4500
003 UA-OsUOA
001 74364
007 ta
008 20110405b un ||||| |||| 00| 0 ukr d
090 _a[94:328.1](477)
_bУ73
942 _cBK
040 _aUA-OsUOA
_bukr
_cUA-OsUOA
_dUA-OsUOA
245 _aУряди України у ХХ ст.
_bнауково-документальне видання
_cвідп. ред. В.М.Литвин
300 _a608 с.
955 _a4
041 _aukr
080 _a[94:328.1](477)
020 _a966-00-0681-0
260 _aК.
_bНаукова думка
_c2001
650 7 _2UDC
999 _c360654
_d360654